| 000 | 00415nam a2200169Ia 4500 | ||
|---|---|---|---|
| 008 | 230524s9999 xx 000 0 und d | ||
| 020 | _a9788131503102 | ||
| 082 | _bNEI | ||
| 100 |
_aPeter.V.O' Neil _942340 |
||
| 245 | 0 | _aAdvance Engineering Mathematics | |
| 250 | _a2 | ||
| 260 |
_aNew Delhi _bCengage _c2008 |
||
| 300 | _a"XV,1194p;" | ||
| 500 | _aQuantity Number: 1 | ||
| 650 | _aMathematics | ||
| 942 | _cBK | ||
| 999 |
_c56667 _d56667 |
||